Pañjābī wāka prabandha / (Record no. 527568)
[ view plain ]
| 000 -LEADER | |
|---|---|
| fixed length control field | 01112cam a2200337 a 4500 |
| 001 - CONTROL NUMBER | |
| control field | 14021012 |
| 003 - CONTROL NUMBER IDENTIFIER | |
| control field | NUST |
| 005 - DATE AND TIME OF LATEST TRANSACTION | |
| control field | 20190731050522.0 |
| 008 - FIXED-LENGTH DATA ELEMENTS--GENERAL INFORMATION | |
| fixed length control field | 050630s2005 ii b 000 0 pano |
| 010 ## - LIBRARY OF CONGRESS CONTROL NUMBER | |
| LC control number | 2004314908 |
| 020 ## - INTERNATIONAL STANDARD BOOK NUMBER | |
| International Standard Book Number | 8173809178 |
| 025 ## - OVERSEAS ACQUISITION NUMBER | |
| Overseas acquisition number | I-Pan-2004-314908; 07 |
| 037 ## - SOURCE OF ACQUISITION | |
| Source of stock number/acquisition | Library of Congress -- New Delhi Overseas Office |
| Terms of availability | Rs150.00 |
| 038 ## - RECORD CONTENT LICENSOR | |
| Staff Name | Waseem |
| 040 ## - CATALOGING SOURCE | |
| Original cataloging agency | DLC |
| Transcribing agency | DLC |
| 042 ## - AUTHENTICATION CODE | |
| Authentication code | lcode |
| 050 00 - LIBRARY OF CONGRESS CALL NUMBER | |
| Classification number | PK2631 |
| Item number | .C56 2005 |
| 082 ## - DEWEY DECIMAL CLASSIFICATION NUMBER | |
| Classification number | 891.421 |
| Author Mark | CHE |
| 100 1# - MAIN ENTRY--PERSONAL NAME | |
| Personal name | Cīmā, Baladewa Siṅgha. |
| 9 (RLIN) | 18902 |
| 245 10 - TITLE STATEMENT | |
| Title | Pañjābī wāka prabandha / |
| Statement of responsibility, etc. | Baladewa Siṅgha Cīmā. |
| 246 1# - VARYING FORM OF TITLE | |
| Display text | Title on t.p. verso: |
| Title proper/short title | Punjabi vak parbandh |
| 260 ## - PUBLICATION, DISTRIBUTION, ETC. | |
| Place of publication, distribution, etc. | Paṭiālā : |
| Name of publisher, distributor, etc. | Pabalīkeshana Biūro, Pañjābī Yūnīwarasiṭī, |
| Date of publication, distribution, etc. | 2005. |
| 300 ## - PHYSICAL DESCRIPTION | |
| Extent | x, 167 p. ; |
| Dimensions | 22 cm. |
| 504 ## - BIBLIOGRAPHY, ETC. NOTE | |
| Bibliography, etc. note | Includes bibliographical references (p. [163]-167). |
| 520 ## - SUMMARY, ETC. | |
| Summary, etc. | Sentence structure of Punjabi language. |
| 546 ## - LANGUAGE NOTE | |
| Language note | In Panjabi. |
| 650 #0 - SUBJECT ADDED ENTRY--TOPICAL TERM | |
| Topical term or geographic name entry element | Panjabi language |
| General subdivision | Sentences. |
| 9 (RLIN) | 18903 |
| 906 ## - LOCAL DATA ELEMENT F, LDF (RLIN) | |
| a | 7 |
| b | ibc |
| c | origode |
| d | 3 |
| e | ncip |
| f | 20 |
| g | y-gencatlg |
| 942 ## - ADDED ENTRY ELEMENTS (KOHA) | |
| Source of classification or shelving scheme | |
| Koha item type | Book |
| Withdrawn status | Lost status | Source of classification or shelving scheme | Damaged status | Not for loan | Permanent Location | Current Location | Shelving location | Date acquired | Total Checkouts | Full call number | Barcode | Date last seen | Price effective from | Koha item type |
|---|---|---|---|---|---|---|---|---|---|---|---|---|---|---|
| Central Library (CL) | Central Library (CL) | Punjabi Literature | 07/31/2019 | 891.421 CHE | CL-E-1891 | 07/31/2019 | 07/31/2019 | Book |
